00768nam a2200169Ia 4500008004100000020001500041041001200056100001900068245005000087260003500137300000800172650001200180942000700192999001700199952019700216952018500413221030s9999 xx 000 0 und d a8121917573 aEnglish aA. S. Vasudeva 0aModern Engineering Physicscby A. S. Vasudeva bS. Chand & CoaNew Delhic2013 a452 aPhysics cBK c17349d17349 pBE 15109g525.00i11586l1eRKBq2023-04-29r2023-04-18 00:00:00s2023-04-18w2022-10-30yBK003Print4070aMIETLIBbMIETLIBcBL-Academic Block B, FL-2, CUP-127, SH-2, R-2d2017-02-0210HBE pBE 15110g525.00i11586l5eRKBr2025-04-04 00:00:00s2025-03-13w2022-10-30yBK003Print4070aMIETLIBbMIETLIBcBL-Academic Block B, FL-2, CUP-127, SH-2, R-2d2017-02-0210HBE